Report of the Pipelines Inquiry Commission (Record no. 489353)

000 -LEADER
fixed length control field 00587cam a22001457a 4500
008 - FIXED-LENGTH DATA ELEMENTS--GENERAL INFORMATION
fixed length control field 180718b1975 xxu||||| |||| 00| 0 eng d
082 ## - DEWEY DECIMAL CLASSIFICATION NUMBER
Classification number K782x54 In2re
100 ## - MAIN ENTRY--PERSONAL NAME
Personal name India. Pipelines Inquiry Commission
245 ## - TITLE STATEMENT
Title Report of the Pipelines Inquiry Commission
Statement of responsibility, etc. by Department of Petroleum, Ministry of Petroleum and Chemicals
260 ## - PUBLICATION, DISTRIBUTION, ETC.
Place of publication, distribution, etc. Delhi
Name of publisher, distributor, etc. Department of Petroleum. Ministry of Petroleum and Chemicals
Date of publication, distribution, etc. 1975
300 ## - PHYSICAL DESCRIPTION
Extent 463+p.
500 ## - GENERAL NOTE
General note Chairman: K.R. Damle
700 ## - ADDED ENTRY--PERSONAL NAME
Personal name India. Ministry of Petroleum and Chemicals. Department of Petroleum
700 ## - ADDED ENTRY--PERSONAL NAME
Personal name Damle, K.R., Chairman
Holdings
Withdrawn status Lost status Damaged status Not for loan Permanent Location Current Location Date acquired Full call number Barcode Date last seen Price effective from Koha item type
        Indian Institute of Public Administration Indian Institute of Public Administration 2018-08-04 K782x54 In2re G13155 2018-08-04 2018-08-04 G

Powered by Koha